• 首页
  • 本馆介绍
  • 公告通知
  • 最新文献
  • 馆藏检索
  • 电子资源
  • 读者导购
  • 参考咨询
  • 我的图书馆
  • 登录
  • 详细信息显示
  • 放入我的书架
  • 预约/预借图书
  • 作者相关作品
  • 分类相关作品
  • 丛书相关作品
  • 出版社相关作品

书目信息

  • 表格格式
  • 工作单格式
  • 卡片格式
题名:
美的历程
    
 
作者: 李泽厚 著
分册:  
出版信息: 天津   天津社会科学院出版社  2001
页数: 350页
开本: 21cm
丛书名:
单 册:
中图分类: B83
科图分类:
主题词: 美学
电子资源:
ISBN: 7-80563-819-5
000 00944nam0 2200265 450
001 012001041405
005 20051031082745.78
010    @a7-80563-819-5@dCNY36.00
035    @a(011001)c2001033989
092    @aCN
100    @a20010628d2001 emky0chiy0120 ea
101 0  @achi
102    @aCN@b120000
105    @aa z 000yy
200 1  @a美的历程@9mei de li cheng@f李泽厚著@Fli ze hou zhu
210    @a天津@c天津社会科学院出版社@d2001
215    @a350页@c图@d21cm
300    @a修订插图本
314    @a李泽厚,湖南长沙人,中国社会科学院研究员、教授,著有《我的哲学提纲》、《美学四讲》等。
330    @a本书从宏观鸟瞰角度对中国数千年的艺术、文学作了概括描述和美学把握。其中提出了诸如原始远古艺术的“龙飞凤舞”、先秦理性精神的“儒道互补”、明清时期小说、戏曲由浪漫而感伤而现实之变迁等重要观念。
606 0  @a美学
690    @aB83@v4
701  0 @a李泽厚@Ali ze hou@4著
801  0 @aCN@bTSSF@c20051031
905    @a10447@dB83@e39=2≈2
    
    美的历程/李泽厚著.-天津:天津社会科学院出版社,2001
    350页:图;21cm
    修订插图本
    
    ISBN 7-80563-819-5:CNY36.00
    本书从宏观鸟瞰角度对中国数千年的艺术、文学作了概括描述和美学把握。其中提出了诸如原始远古艺术的“龙飞凤舞”、先秦理性精神的“儒道互补”、明清时期小说、戏曲由浪漫而感伤而现实之变迁等重要观念。
●
相关链接 在E读中查询图书 在五车中查询图书 在当当中查询图书 在豆瓣中查询图书


正题名:美的历程     索取号:B83/39=2≈2         预约/预借

序号 登录号 条形码 馆藏地/架位号 状态 备注
1 0337260   203372607   第一样本阅览室/ [索取号:B83/39=2≈2] 在馆    
2 0337261   203372616   第一借阅区/ [索取号:B83/39=2≈2] 在馆    
3 0337262   203372625   第一借阅区/ [索取号:B83/39=2≈2] 在馆    
4 0337263   203372634   第一借阅区/ [索取号:B83/39=2≈2] 在馆    
5 0337264   203372643   第一借阅区/ [索取号:B83/39=2≈2] 在馆    
唐山师范学院图书馆 欢迎您!
大连网信软件有限公司© 版权所有